Países cujo nome da capital tem Port/Porto - Statistics

Estatísticas Gerais
  • Esse quiz foi jogado 29 vezes
  • A pontuação média é 3 de 7
Estatísticas das Respostas
País % Correto
Haiti - Porto Príncipe
92%
Papua Nova Guiné - Port Moresby
52%
Trinidad e Tobago - Port of Spain
48%
Benim - Porto Novo
40%
Vanuatu - Port Vila
40%
Maurício - Port Louis
28%
Seychelles - Port Victoria
8%
Nenhum quiz correspondente encontrado
Distribuição das Pontuações
Porcentagem de Pessoas com Cada Pontuação
Percentil de Números Respondidos
Sua Pontuação Histórica
Você não jogou esse quiz